|
|
|
|
| LEADER |
00000naa a2200000uu 4500 |
| 001 |
vtls011067357 |
| 003 |
SK-MaSNL |
| 005 |
20260302143312.0 |
| 008 |
210908|2010 xo |||||||||||||||||slo| |
| 015 |
|
|
|a SNBRA
|
| 035 |
|
|
|a (urnnbn)urn:nbn:sk:snk:ar-a0c7nh
|
| 035 |
|
|
|a (uuid)d24b6719-1566-496f-ab14-68de3ad2feb8
|
| 035 |
|
|
|a urn:nbn:sk:snk-aave1q
|
| 040 |
|
|
|a SNKBUCL
|b slo
|c SNKBUCL
|e AACR2
|
| 041 |
0 |
|
|a slo
|
| 044 |
|
|
|a xo
|c SK
|
| 100 |
1 |
|
|a Čurka, Daniel
|4 aut
|9 780224
|
| 245 |
1 |
0 |
|a PREPOJENIE ABSORPČNÉHO CHLADIACEHO ZARIADENIA S KOTLOVÝM VYKUROVACÍM OKRUHOM
|c Daniel Čurka, Michal Molotta, Peter Mlynár
|
| 700 |
1 |
|
|a Molotta, Michal
|4 aut
|9 796286
|
| 700 |
1 |
|
|a Mlynár, Peter,
|d 1981-
|4 aut
|9 255199
|
| 773 |
0 |
|
|t Vykurovanie 2010
|d Bratislava : Slovenská spoločnosť pre techniku prostredia ZSVTS, 2010
|g S. 313-316
|z 9788089216321
|
| 958 |
|
|
|a OND
|
| 958 |
|
|
|a article12
|
| 958 |
|
|
|a chapter
|
| 999 |
|
|
|c 1343748
|d 1345678
|